[Event "Regionalliga Sued-Ost 1718"]
[Site "Bayern"]
[Date "2018.02.25"]
[Round "7.7"]
[White "Koeniger, Philipp"]
[Black "Bartl, Bruno"]
[Result "0-1"]
[WhiteElo "1941"]
[BlackElo "1954"]
[PlyCount "34"]
[EventDate "2017.10.22"]
[EventType "team-tourn"]
[EventRounds "9"]
[EventCountry "GER"]
[SourceTitle "EXT 2022"]
[Source "ChessBase"]
[SourceDate "2021.10.06"]
[SourceVersion "1"]
[SourceVersionDate "2021.10.06"]
[SourceQuality "1"]
[WhiteTeam "Freising SK"]
[BlackTeam "Bruckmuehl SK"]
[WhiteTeamCountry "GER"]
[BlackTeamCountry "GER"]

1. e4 c6 2. d4 d5 3. e5 Bf5 4. Bd3 Bxd3 5. Qxd3 e6 6. Ne2 g6 7. h4 h5 8. Bg5 Be7 9. Nf4 Bxg5 10. Nxg6 fxg6 11. Qxg6+ Kd7 12. Qg7+ Ne7 13. hxg5 Na6 14. f4 Qf8 15. Qf6 Qg8 16. g6 Qxg6 17. Na3 Qe4+ 0-1